000 01557nam a2200385 c 4500
999 _c104312
_d104312
003 BLK
005 20210202103914.0
008 180409b bul|||||r ||||||| ||bul||
010 _aKNG00109416000
020 _a954-307-003-2
040 _aBLK
041 _aBUL
_cBUL
080 _aДинозаври
_b568.1
_z568.1
100 1 _aЛункенбайн, Марилис
_eпърви автор
_989945
139 _aЛункенбайн, Марилис
_bЛ 88
245 1 0 _aДинозаврите
_cМарилис Лункенбайн; прев. от нем. Надя Станчева; ил. Андреас Пил; ил. Ангелика Щубнер.
257 _aDEU
260 _bБагри
_c2003
_fПловдив : Багра
300 _a40 с.
_bс цв. ил.
_c27 см
380 _aDN
490 _aИскам да знам...
_9202512
500 _aОриг. загл. загл. Mein erses Frage- und Antwortbuch - Dinosauries. - Авт. не е отбелязан на кор. - Офс. изд. - Азб. указ.
650 4 _aДинозаври
_9153483
650 4 _aЕнциклопедии, детски
_9154962
653 _aдинозаври
653 _aенциклопедии
700 1 _aСтанчева, Надя
_eпрев. от нем.
_9369115
700 1 _aПил, Андреас
_eил.
_9110666
700 1 _aЩубнер, Ангелика
_eил.
_9144700
852 _aЦб ІІ 12304
856 4 _qpdf
856 4 _qpdf
942 _cKNG
_n0
_09
_s1
944 _aCR
_c05.12.2003
_kЦветанка_Енчева
944 _aED
_c22.10.2004
999 _d104312